MARC details
| 000 -LEADER |
| fixed length control field |
02093cam a2200493 a 4500 |
| 001 - CONTROL NUMBER |
| control field |
132024 |
| 003 - CONTROL NUMBER IDENTIFIER |
| control field |
GBCCL |
| 005 - DATE AND TIME OF LATEST TRANSACTION |
| control field |
20241126110426.0 |
| 008 - FIXED-LENGTH DATA ELEMENTS--GENERAL INFORMATION |
| fixed length control field |
970108s1997 cauabf b 001 0aeng |
| 010 ## - |
| -- |
97000605 |
| 020 ## - INTERNATIONAL STANDARD BOOK NUMBER |
| International Standard Book Number |
0060633875 (cloth) |
| 020 ## - INTERNATIONAL STANDARD BOOK NUMBER |
| International Standard Book Number |
9780060633875 (cloth) |
| 020 ## - INTERNATIONAL STANDARD BOOK NUMBER |
| International Standard Book Number |
0060633433 (pbk.) |
| 020 ## - INTERNATIONAL STANDARD BOOK NUMBER |
| International Standard Book Number |
9780060633431 (pbk.) |
| 020 ## - INTERNATIONAL STANDARD BOOK NUMBER |
| International Standard Book Number |
0060633883 (ltd leatherbound ed.) |
| 020 ## - INTERNATIONAL STANDARD BOOK NUMBER |
| International Standard Book Number |
9780060633882 (ltd leatherbound ed.) |
| 020 ## - INTERNATIONAL STANDARD BOOK NUMBER |
| International Standard Book Number |
0060633832 (ltd cloth ed.) |
| 020 ## - INTERNATIONAL STANDARD BOOK NUMBER |
| International Standard Book Number |
9780060633837 (ltd cloth ed.) |
| 029 1# - |
| -- |
NLGGC |
| -- |
201699834 |
| 029 1# - |
| -- |
YDXCP |
| -- |
1346659 |
| 029 1# - |
| -- |
NZ1 |
| -- |
4600923 |
| 029 1# - |
| -- |
AU@ |
| -- |
000013000501 |
| 035 ## - SYSTEM CONTROL NUMBER |
| System control number |
(OCoLC)ocm36225259 |
| 035 ## - SYSTEM CONTROL NUMBER |
| System control number |
(OCoLC)36225259 |
| 040 ## - CATALOGING SOURCE |
| Original cataloging agency |
DLC |
| Transcribing agency |
DLC |
| Modifying agency |
BAKER |
| -- |
BTCTA |
| -- |
YDXCP |
| -- |
ITC |
| -- |
XY4 |
| -- |
LBB |
| 043 ## - |
| -- |
n-us--- |
| 049 ## - |
| -- |
LBBC |
| -- |
LBBK |
| -- |
LBBA |
| 050 00 - |
| -- |
BV3785.G69 |
| -- |
A3 1997 |
| 082 00 - DEWEY DECIMAL CLASSIFICATION NUMBER |
| Classification number |
269.2092 |
| -- |
B |
| Edition information |
21 |
| Item number |
GRA |
| 090 ## - LOCALLY ASSIGNED LC-TYPE CALL NUMBER (OCLC); LOCAL CALL NUMBER (RLIN) |
| Classification number (OCLC) (R) ; Classification number, CALL (RLIN) (NR) |
BV3785.G69 |
| Local cutter number (OCLC) ; Book number/undivided call number, CALL (RLIN) |
A3 1997 |
| 100 1# - MAIN ENTRY--PERSONAL NAME |
| Personal name |
Graham, Billy, |
| Dates associated with a name |
1918- |
| 9 (RLIN) |
449 |
| 245 10 - TITLE STATEMENT |
| Title |
Just as I am : |
| Remainder of title |
the autobiography of Billy Graham / |
| Statement of responsibility, etc. |
Billy Graham. |
| 250 ## - EDITION STATEMENT |
| Edition statement |
1st ed. |
| 260 ## - PUBLICATION, DISTRIBUTION, ETC. |
| Place of publication, distribution, etc. |
[San Francisco, Calif.] : |
| Name of publisher, distributor, etc. |
HarperSanFrancisco ; |
| Place of publication, distribution, etc. |
[Grand Rapids, Mich.] : |
| Name of publisher, distributor, etc. |
Zondervan, |
| Date of publication, distribution, etc. |
c1997. |
| 300 ## - PHYSICAL DESCRIPTION |
| Extent |
xxiii, 760 p., [32] p. of plates : |
| Other physical details |
ill. (some col.), maps ; |
| Dimensions |
25 cm. |
| 500 ## - GENERAL NOTE |
| General note |
Includes index. |
| 504 ## - BIBLIOGRAPHY, ETC. NOTE |
| Bibliography, etc. note |
"Books by Billy Graham": p. 741-742. |
| 505 2# - FORMATTED CONTENTS NOTE |
| Formatted contents note |
Introduction: Between two presidents: Harry S. Truman 1950 -- Kim Il Sung 1992 -- Foundations 1918-1943 -- Ministry begins 1943-1949 -- Turning points 1949-1955 -- To the ends of the Earth 1956-1967 -- World in upheaval 1960-1976 -- New frontiers 1977-1997 -- Reflections -- Acknowledgments -- Billy Graham crusades -- Books by Billy Graham -- Index of names and places. |
| 600 10 - SUBJECT ADDED ENTRY--PERSONAL NAME |
| Personal name |
Graham, Billy, |
| Dates associated with a name |
1918- |
| 9 (RLIN) |
449 |
| 650 #0 - SUBJECT ADDED ENTRY--TOPICAL TERM |
| Topical term or geographic name entry element |
Evangelists |
| Geographic subdivision |
United States |
| General subdivision |
Biography. |
| 9 (RLIN) |
4764 |
| 856 42 - ELECTRONIC LOCATION AND ACCESS |
| Materials specified |
Publisher description |
| Uniform Resource Identifier |
<a href="http://www.loc.gov/catdir/description/hc044/97000605.html">http://www.loc.gov/catdir/description/hc044/97000605.html</a> |
| 856 41 - ELECTRONIC LOCATION AND ACCESS |
| Materials specified |
Sample text |
| Uniform Resource Identifier |
<a href="http://www.loc.gov/catdir/enhancements/fy0642/97000605-s.html">http://www.loc.gov/catdir/enhancements/fy0642/97000605-s.html</a> |
| 942 ## - ADDED ENTRY ELEMENTS (KOHA) |
| Source of classification or shelving scheme |
Dewey Decimal Classification |
| Koha item type |
Books |
| Koha issues (borrowed), all copies |
5 |